Diez tesis sobre el conflicto social en América Latina /
La conflictividad en los países de América Latina presenta rasgos comunes: plataformas de exclusión y desigualdades crónicas cuestionadas por la ciudadanía; conflictos complejos que relacionan esas desigualdades con su número e intensidad; combinación de protestas sociales expresadas tanto en el pla...
Spremljeno u:
| Glavni autor: | |
|---|---|
| Format: | Tekst |
| Teme: | |
| Oznake: |
Dodaj oznaku
Bez oznaka, Budi prvi tko označuje ovaj zapis!
|
MARC
| LEADER | 00000 a a2200000 04500 | ||
|---|---|---|---|
| 001 | 45223 | ||
| 003 | |||
| 040 | |||
| 090 | |a REV0877 (107) 2012 | ||
| 100 | |a Calderón G., Fernando | ||
| 245 | |a Diez tesis sobre el conflicto social en América Latina / |c Fernando Calderón G. | ||
| 520 | |a La conflictividad en los países de América Latina presenta rasgos comunes: plataformas de exclusión y desigualdades crónicas cuestionadas por la ciudadanía; conflictos complejos que relacionan esas desigualdades con su número e intensidad; combinación de protestas sociales expresadas tanto en el plano nacional como en el cultural global. El autor postula diez tesis centrales para comprender las dinámicas conflictivas desarrolladas en América Latina, a partir de un análisis de artículos de 54 periódicos en 17 países de la región. | ||
| 590 | |a RRH/OCTUBRE2013 | ||
| 650 | |a CONFLICTOS SOCIALES | ||
| 650 | |2 Macrothesaurus de la OCDE | ||
| 650 | |a DEMOCRACIA | ||
| 650 | |a DESIGUALDAD SOCIAL | ||
| 650 | |a MARCO INSTITUCIONAL | ||
| 650 | |a ESTADO | ||
| 650 | |a MEDIOS DE COMUNICACION | ||
| 650 | |a AMERICA LATINA | ||
| 773 | |g número107 (agosto, 2012), páginas 7-30 | ||
| 999 | |c 24836 |d 24836 | ||
